| 000 | 00525 a2200181 4500 | ||
|---|---|---|---|
| 003 | OSt | ||
| 005 | 20231214085608.0 | ||
| 008 | 231213b |||||||| |||| 00| 0 eng d | ||
| 020 | _a9789355492562 | ||
| 040 | _coclc | ||
| 082 |
_a894.8124 _bKAR/E |
||
| 100 |
_aKarassery, M N _91986 |
||
| 245 |
_aEnthina Malayalam Padikkunnathu? / _cM.N. Karassery |
||
| 250 | _a1st ed. | ||
| 260 |
_aKozhikode: _bMathrubhumi Books, _c2022. |
||
| 300 | _a136p. | ||
| 942 |
_2ddc _cBK _h894.8124 _iKAR/E _k894.8124 _mKAR/E |
||
| 999 |
_c44094 _d44094 |
||